| 000 | 00464cam a2200181ua 4500 | ||
|---|---|---|---|
| 041 |
_aeng _h |
||
| 082 |
_a621.43 _bMAT/CO |
||
| 100 | _aMathur, M L. | ||
| 245 |
_aCourse in internal combustion engines / _cM L Mathur. _hTextual Documents |
||
| 250 |
_a3 / _b. |
||
| 260 |
_aNew Delhi : _bDhanpat Rai Publishing Co. Pvt. Ltd. , _c1985. |
||
| 300 | _a759 ; . | ||
| 504 | _a | ||
| 942 | _cBK | ||
| 999 |
_c360 _d360 |
||